17-石川県の市町村クイズ(1999年) - Statistics

General Stats
  • This quiz has been taken 154 times
  • The average score is 25 of 41
Answers on the Map
Answers color-coded by a green-red scale on the quiz's map according to % correct below.
 
Answer Stats
Answer % Correct
珠洲すず
93%
金沢かなざわ
91%
輪島わじま
91%
穴水あなみずまち
86%
七尾ななお
86%
能登島のとじままち
86%
野々市ののいちまち
86%
加賀かが
84%
小松こまつ
84%
津幡つばたまち
84%
内灘うちなだまち
81%
松任まっとう
81%
羽咋はくい
78%
志賀しかまち
76%
川北かわきたまち
73%
能都のとまち
66%
門前もんぜんまち
65%
鶴来つるぎまち
59%
根上ねあがりまち
59%
山中やまなかまち
59%
まち
57%
白峰しらみねむら
57%
美川みかわまち
57%
田鶴浜たつるはままち
55%
柳田やなぎだむら
54%
辰口たつのくちまち
53%
高松たかまつまち
49%
押水おしみずまち
47%
寺井てらいまち
47%
富来とぎまち
47%
内浦うちうらまち
46%
中島なかじままち
43%
鹿西ろくせいまち
43%
鳥越とりごえむら
42%
志雄しおまち
39%
吉野谷よしのだにむら
38%
鹿島かしままち
36%
七塚ななつかまち
36%
尾口おぐちむら
35%
河内かわちむら
31%
鳥屋とりやまち
22%
No matching quizzes found
Score Distribution
Percent of People with Each Score
Percentile by Number Answered
Your Score History
You have not taken this quiz